000 00318nam a2200121Ia 4500
999 _c14384
_d14384
008 260210s9999 xx 000 0 und d
020 _a9783869226873
082 _a720.284
100 _aGasperoni
245 0 _aConstruction And Design Manual: Experimental Diagrams In Architecture
260 _bDOM
942 _cUG
_2ddc